Normal view
MARC view
- Shahab Saqib | Tauseef Khan
Entry Personal Name
001 - CONTROL NUMBER
- control field: 5600
003 - CONTROL NUMBER IDENTIFIER
- control field: NUST
005 - DATE AND TIME OF LATEST TRANSACTION
- control field: 20171024151415.0
008 - FIXED-LENGTH DATA ELEMENTS
- fixed length control field: 171024|| aca||aabn | a|a d
040 ## - CATALOGING SOURCE
- Original cataloging agency: NUST
- Transcribing agency: NUST
100 ## - HEADING--PERSONAL NAME
- Personal name: Shahab Saqib | Tauseef Khan
670 ## - SOURCE DATA FOUND
- Source citation: Work cat.: (NUST): Shahab Saqib | Tauseef Khan, Data transmission through plastic optic fiber, 2017
